Online
Catalog
Normal view MARC view

Entry Nombre geográfico

Number of records used in: 1

001 - NÚMERO DE CONTROL

  • campo de control: 23381

003 - IDENTIFICADOR DEL NÚMERO DE CONTROL

  • campo de control: OSt

005 - FECHA Y HORA DE LA ÚLTIMA TRANSACCIÓN

  • campo de control: 20200615032847.0

008 - DATOS DE LONGITUD FIJA

  • campo de control de longitud fija: 200615|| aca||aabn | a|a d

040 ## - FUENTE DE LA CATALOGACIÓN

  • Centro catalogador/agencia de origen: OSt
  • Centro/agencia transcriptor: OSt

151 ## - ENCABEZAMIENTO--NOMBRE GEOGRÁFICO

  • Nombre geográfico: COLOMBIA
  • Subdivisión general: SITUACIÓN SOCIAL

670 ## - FUENTE DE DATOS ENCONTRADOS

  • Cita de la fuente: Work cat.: (OSt)8596: Bustos Valencia, Alirio, 1968- 23379, La ley del monte /, 1999.

Powered by Koha